| 000 | 00376nam a2200145Ia 4500 | ||
|---|---|---|---|
| 008 | 150201s2011 xx 000 0 und d | ||
| 082 |
_a617.6 _bP2008C |
||
| 100 | _aCAPPELLI,D.P. | ||
| 245 | _aPREVATION OF IN CLINICAL ORAL HEALTH CARE | ||
| 250 | _a1ST | ||
| 260 |
_bMOSBY _aDELHI _c2011 |
||
| 300 | _a1-296 | ||
| 650 | _aPREVENTIVE AND COMMUNITY DENTISTRY | ||
| 942 |
_2ddc _cBK |
||
| 999 |
_c4761 _d4761 |
||